=LDR 00000nam 2200000 4500 =001 NUTBA000000000003934 =005 20140829103831.0 =006 =007 =008 =020 ##$$a 978-602-19245-7-0 =035 ##$$a 0010-081400000000779 =040 ##$$a NBPDMAT =082 ##$$a 641.34 =084 ##$$a 641.34 Mut d =100 ##$$a Mutiara Syafitri =245 ##$$a Dahsyatnya Khasiat Jus Untuk Darah Tinggi / $c Mutiara Syafitri; editor ,Abdul Latief =260 ##$$a Jakarta : $b Dunia Sehat, $c 2012 =300 ##$$a vi, 94 hlm. : $b ilus. ; $c 19 cm. =500 ##$$a Bibliografi : hlm. 94 =650 ##$$a MINUMAN JUS =700 ##$$a Abdul Latief =990 ##$$a 21409507 =990 ##$$a 0001/BPAP-NTB/20142014 =990 ##$$a 0001/BPAP-NTB/20142014 =990 ##$$a 0001/BPAP-NTB/20142014 =990 ##$$a 0001/BPAP-NTB/20142014 =990 ##$$a 0001/BPAP-NTB/20142014